| 000 | 01367pam a2200325 a 4500 | ||
|---|---|---|---|
| 001 | 3072013 | ||
| 003 | OSt | ||
| 005 | 20150408114150.0 | ||
| 008 | 970718s1997 ge a b 000 0 eng | ||
| 010 | _a 97033257 | ||
| 020 | _a3540628649 | ||
| 040 |
_aDLC _cDLC _dDLC |
||
| 050 | 0 | 0 |
_aQA76.76.D47 _bE97 1997 |
| 082 | 0 | 0 |
_a005 _221 _bEXS |
| 245 | 0 | 0 |
_aExperiences in software evolution and reuse : _btwelve real world projects / _cS. Hallsteinsen, M. Paci, eds. |
| 260 |
_aBerlin ; _aNew York : _bSpringer, _cc1997. |
||
| 300 |
_axii, 147 p. : _bill. ; _c24 cm. |
||
| 440 | 0 |
_aResearch reports ESPRIT. _nProject 9809, _pSER ; _vv. 1 _939520 |
|
| 500 | _aTwelve real world projects--Cover. | ||
| 504 | _aIncludes bibliographical references. | ||
| 650 | 0 |
_aComputer software _xDevelopment. |
|
| 650 | 0 |
_aComputer software _xReusability. _939521 |
|
| 700 | 1 |
_aHallsteinsen, S. _q(Svein), _d1947- _939522 |
|
| 700 | 1 |
_aPaci, M. _q(Maddali) _939523 |
|
| 856 | 4 | 2 |
_3Publisher description _uhttp://www.loc.gov/catdir/enhancements/fy0902/97033257-d.html |
| 856 | 4 | 1 |
_3Table of contents only _uhttp://www.loc.gov/catdir/enhancements/fy0902/97033257-t.html |
| 906 |
_a7 _bcbc _corignew _d1 _eocip _f19 _gy-gencatlg |
||
| 942 |
_2ddc _cBOOK |
||
| 999 |
_c31959 _d266459 |
||